[Event "II Festival A"]
[Site "Toscolano-Maderno ITA"]
[Date "1996.10.25"]
[Round "7"]
[White "Oppici, Gabriele"]
[Black "Kievelitz, Bernd"]
[Result "1/2-1/2"]
[WhiteElo "2055"]
[BlackElo "2145"]
[PlyCount "144"]
[EventDate "1996.10.19"]

1. Nc3 c5 2. Nf3 Nc6 3. d4 cxd4 4. Nxd4 e6 5. Bf4 a6 6. Nxc6 bxc6 7. Bd6 Bxd6
8. Qxd6 Ne7 9. e4 O-O 10. Be2 Bb7 11. Rd1 Bc8 12. O-O Ng6 13. Rd2 Qe7 14. Rfd1
Qxd6 15. Rxd6 f5 16. exf5 Rxf5 17. Bd3 Rc5 18. Na4 Rd5 19. Bxg6 hxg6 20. Nb6
Rxd1+ 21. Rxd1 Rb8 22. Nxc8 Rxc8 23. Rxd7 a5 24. a4 c5 25. Rb7 Rd8 26. g3 Rd4
27. Rb5 Rxa4 28. Rxc5 Rb4 29. b3 a4 30. bxa4 Rxa4 31. Rc7 g5 32. h3 Kh7 33. Kf1
Kh6 34. Kg2 g4 35. hxg4 Rxg4 36. Kf3 Rg6 37. Rc4 Kh7 38. Rc8 Rf6+ 39. Ke3 Kg6
40. Rc7 Rf5 41. c4 Re5+ 42. Kd4 Re2 43. f3 Rg2 44. Ke3 Rb2 45. g4 Kf6 46. f4 g5
47. Kd3 Rg2 48. fxg5+ Kxg5 49. c5 Kf6 50. c6 Rg3+ 51. Kc4 Rxg4+ 52. Kb5 Rg1 53.
Rd7 Rb1+ 54. Ka6 Ra1+ 55. Kb7 Rb1+ 56. Ka6 Ra1+ 57. Kb6 Rb1+ 58. Kc5 Rc1+ 59.
Kd6 Rd1+ 60. Kc7 Rc1 61. Rh7 e5 62. Kd7 Kf5 63. c7 e4 64. Rh6 Rxc7+ 65. Kxc7 e3
66. Kd6 Ke4 67. Re6+ Kd3 68. Ke5 e2 69. Kf4 Kd2 70. Rd6+ Kc2 71. Rc6+ Kd2 72.
Rd6+ Kc2 1/2-1/2

[Event "II Festival A"]
[Site "Toscolano-Maderno ITA"]
[Date "1996.10.25"]
[Round "7"]
[White "Prelati, Maurizio"]
[Black "Braghetta, Sergio"]
[Result "0-1"]
[WhiteElo "2120"]
[BlackElo "2116"]
[PlyCount "46"]
[EventDate "1996.10.19"]

1. e4 c5 2. d4 cxd4 3. c3 dxc3 4. Nxc3 e6 5. Nf3 Bc5 6. Bc4 Nc6 7. O-O a6 8.
Re1 Nge7 9. Bg5 f6 10. Be3 Bxe3 11. Rxe3 Ng6 12. Nd4 b5 13. Bd5 exd5 14. exd5+
Nce5 15. Qh5 O-O 16. Nce2 d6 17. h3 f5 18. f4 Nc4 19. Nf3 Nxe3 20. Ng5 h6 21.
Qxg6 hxg5 22. fxg5 Qe8 23. Qxd6 Nc4 0-1

[Event "II Festival A"]
[Site "Toscolano-Maderno ITA"]
[Date "1996.10.25"]
[Round "7"]
[White "Stantic, Severino"]
[Black "Bini, Lorenzo"]
[Result "1-0"]
[WhiteElo "2105"]
[BlackElo "2200"]
[PlyCount "137"]
[EventDate "1996.10.19"]

1. Nf3 b6 2. d4 Bb7 3. g3 g6 4. Bg2 Bg7 5. O-O d6 6. c3 Nd7 7. Qb3 Rb8 8. e4 e6
9. Bg5 Ne7 10. Nbd2 O-O 11. Rfe1 h6 12. Be3 Nf6 13. Qc2 Ng4 14. Bf4 g5 15. Be3
Nxe3 16. Rxe3 Ng6 17. h3 h5 18. Ne1 g4 19. Nd3 Bh6 20. Ree1 Qg5 21. Rad1 h4 22.
Nf1 hxg3 23. fxg3 gxh3 24. Bxh3 f5 25. Bg2 fxe4 26. Bxe4 Bxe4 27. Rxe4 Rf3 28.
Ne1 Rf6 29. Ng2 Rbf8 30. Re2 Rf3 31. Rxe6 Kg7 32. Rxg6+ Qxg6 33. Qxg6+ Kxg6 34.
Nh4+ Kh5 35. Nxf3 Rxf3 36. Kg2 Rf7 37. Re1 a5 38. Nh2 Bd2 39. Re2 Bc1 40. Nf3
Rg7 41. Kh3 Bh6 42. Nh4 Rf7 43. Kg2 Kg4 44. Re4+ Kh5 45. Nf3 Bc1 46. Re2 Rg7
47. Kf2 Rf7 48. b3 d5 49. Kg2 Rg7 50. Re5+ Kh6 51. Nh4 Rd7 52. Nf5+ Kh7 53.
Re7+ Rxe7 54. Nxe7 Bb2 55. Nxd5 c6 56. Nxb6 Bxc3 57. Nc4 Kg7 58. a4 Kf6 59. Kf3
Ke6 60. Ke4 Be1 61. g4 Bb4 62. g5 Bc3 63. Ne5 c5 64. d5+ Kd6 65. Nc4+ Ke7 66.
Kf5 Be1 67. d6+ Kd7 68. g6 Bc3 69. Ne5+ 1-0

[Event "II Festival A"]
[Site "Toscolano-Maderno ITA"]
[Date "1996.10.25"]
[Round "7"]
[White "Wohl, Aleksandar H."]
[Black "Cugini, Verter"]
[Result "1/2-1/2"]
[WhiteElo "2400"]
[BlackElo "2255"]
[PlyCount "57"]
[EventDate "1996.10.19"]

1. g3 c5 2. Bg2 e5 3. c4 g6 4. Nc3 Bg7 5. e3 Ne7 6. Nge2 Nbc6 7. a3 a6 8. Rb1
Rb8 9. b4 cxb4 10. axb4 b5 11. c5 d6 12. cxd6 Qxd6 13. Ne4 Qd8 14. O-O O-O 15.
Nc5 a5 16. bxa5 Qxa5 17. Nb3 Qb6 18. d4 exd4 19. Nexd4 Rd8 20. Qe2 b4 21. Rd1
Bb7 22. Bb2 Nxd4 23. Bxd4 Bxd4 24. Rxd4 Rxd4 25. Nxd4 Bxg2 26. Kxg2 Nc6 27.
Nxc6 Qxc6+ 28. Qf3 Qc4 29. Qf4 1/2-1/2

[Event "II Festival A"]
[Site "Toscolano-Maderno ITA"]
[Date "1996.10.26"]
[Round "8"]
[White "Astengo, Marcello"]
[Black "Magrin, Antonio"]
[Result "0-1"]
[WhiteElo "2115"]
[BlackElo "2070"]
[PlyCount "124"]
[EventDate "1996.10.19"]

1. d4 d5 2. Nf3 Bf5 3. Bf4 e6 4. e3 Nd7 5. Bd3 Bg6 6. Ne5 Nxe5 7. dxe5 c6 8.
O-O Bc5 9. Nd2 Ne7 10. Qg4 h5 11. Qg3 Kf8 12. Bxg6 h4 13. Qg4 Nxg6 14. Nf3 Be7
15. Rad1 Qe8 16. h3 Nxf4 17. exf4 g6 18. Kh2 Rh5 19. Nd4 Bd8 20. Qf3 Qe7 21. g4
hxg3+ 22. fxg3 Rh7 23. Rde1 Bb6 24. c3 Bxd4 25. cxd4 Qb4 26. Qf2 Qc4 27. g4 Ke7
28. f5 gxf5 29. gxf5 Rah8 30. Re3 Qxd4 31. fxe6 fxe6 32. Qf6+ Kd7 33. Rg3 Re8
34. Rf2 Ree7 35. Rg8 Qh4 36. Qxh4 Rxh4 37. Rff8 Kc7 38. Rc8+ Kb6 39. Rce8 Reh7
40. Rg3 R7h6 41. Re7 Rb4 42. b3 Re4 43. Rgg7 Kc5 44. Rxb7 Re2+ 45. Rg2 Rxe5 46.
Rxa7 d4 47. a3 Re3 48. Rg3 Re2+ 49. Kg1 e5 50. Kf1 Re4 51. Ra5+ Kb6 52. b4 Rf6+
53. Kg1 Rd6 54. Rd3 Rg6+ 55. Kf2 Rf6+ 56. Kg2 Rf5 57. Rc5 Re2+ 58. Kg3 Rf8 59.
h4 Re1 60. Rf3 Rxf3+ 61. Kxf3 d3 62. Rc3 d2 0-1

[Event "II Festival A"]
[Site "Toscolano-Maderno ITA"]
[Date "1996.10.26"]
[Round "8"]
[White "Braghetta, Sergio"]
[Black "Lagrotteria, Salvatore"]
[Result "1-0"]
[WhiteElo "2116"]
[BlackElo "2165"]
[PlyCount "101"]
[EventDate "1996.10.19"]

1. e4 c5 2. Nf3 Nc6 3. d4 cxd4 4. Nxd4 Nf6 5. Nc3 d6 6. Bg5 e6 7. Qd2 a6 8.
O-O-O h6 9. Be3 Be7 10. f4 Bd7 11. Kb1 Qc7 12. Bd3 b5 13. Bxb5 axb5 14. Ndxb5
Qb7 15. Nxd6+ Bxd6 16. Qxd6 Rd8 17. e5 Nd5 18. Nxd5 exd5 19. Qc5 Be6 20. a3 Ne7
21. Qb6 Qxb6 22. Bxb6 Rc8 23. Ba5 Rc4 24. g3 Kd7 25. Bb4 Nf5 26. g4 Ne3 27. f5
Nxd1 28. fxe6+ Kxe6 29. Rxd1 Rxg4 30. Rf1 Rc8 31. c3 d4 32. cxd4 Rxd4 33. Rg1
Rxb4 34. axb4 g6 35. Ka2 Kxe5 36. Kb3 g5 37. Re1+ Kf6 38. Rf1+ Kg6 39. b5 f5
40. Kb4 g4 41. b6 h5 42. Kb5 h4 43. b7 Rb8 44. Kc6 g3 45. hxg3 hxg3 46. Rf3 f4
47. Rxf4 Kg5 48. Rf1 Rg8 49. b4 Kg4 50. Kc7 Rg7+ 51. Kb6 1-0

[Event "II Festival A"]
[Site "Toscolano-Maderno ITA"]
[Date "1996.10.26"]
[Round "8"]
[White "Corvi, Marco"]
[Black "Drei, Andrea"]
[Result "1-0"]
[WhiteElo "2185"]
[BlackElo "2310"]
[PlyCount "93"]
[EventDate "1996.10.19"]

1. c4 e5 2. Nc3 Nf6 3. Nf3 Nc6 4. e3 Bb4 5. Qc2 O-O 6. Nd5 Re8 7. Qf5 d6 8.
Nxf6+ Qxf6 9. Qxf6 gxf6 10. a3 Bc5 11. b4 Bb6 12. Bb2 a5 13. b5 Nd8 14. d4 Ne6
15. Kd2 c6 16. a4 Ng5 17. Nxg5 fxg5 18. h4 exd4 19. exd4 Bd8 20. hxg5 Bxg5+ 21.
Kc3 Bf5 22. Bd3 Bxd3 23. Kxd3 cxb5 24. cxb5 d5 25. Rh5 h6 26. Bc1 Re1 27. Bb2
Rae8 28. Rxe1 Rxe1 29. f4 Bxf4 30. Rxd5 Re3+ 31. Kc4 Re2 32. Bc3 b6 33. Rd8+
Kg7 34. d5+ f6 35. Rd7+ Kg6 36. Rb7 Re4+ 37. Kd3 Re3+ 38. Kc4 Re4+ 39. Kb3 Be3
40. d6 Re8 41. Re7 Rxe7 42. dxe7 Kf7 43. Bxf6 Ke8 44. Kc4 Bd2 45. Kd5 Bb4 46.
Kc6 Bc5 47. Be5 1-0

[Event "II Festival A"]
[Site "Toscolano-Maderno ITA"]
[Date "1996.10.26"]
[Round "8"]
[White "Cugini, Verter"]
[Black "Cebalo, Miso"]
[Result "0-1"]
[WhiteElo "2255"]
[BlackElo "2515"]
[PlyCount "84"]
[EventDate "1996.10.19"]

1. e4 c5 2. g3 d5 3. exd5 Qxd5 4. Nf3 Nc6 5. Nc3 Qd7 6. Bg2 g6 7. O-O Bg7 8. d3
b6 9. Bf4 Bb7 10. Qd2 Nf6 11. Bh6 O-O 12. Bxg7 Kxg7 13. Qf4 Nh5 14. Qg5 f6 15.
Qd5 Qxd5 16. Nxd5 Rad8 17. Ne3 e5 18. Nd2 Rf7 19. Bxc6 Bxc6 20. a3 Kf8 21. b4
Ng7 22. bxc5 bxc5 23. f4 exf4 24. Rxf4 Ne6 25. Rc4 f5 26. a4 Re8 27. Re1 h5 28.
Ng2 Rfe7 29. Nh4 Kg7 30. Nhf3 Bd5 31. Rc3 Kf6 32. a5 g5 33. Kf1 Rb8 34. Ng1 Rb5
35. Ra3 Rb2 36. c4 Bc6 37. Re2 Reb7 38. Ndf3 g4 39. Ne1 Nd4 40. Rxb2 Rxb2 41.
h3 f4 42. hxg4 fxg3 0-1

[Event "II Festival A"]
[Site "Toscolano-Maderno ITA"]
[Date "1996.10.26"]
[Round "8"]
[White "Kievelitz, Bernd"]
[Black "Duarte, Riccardo"]
[Result "1-0"]
[WhiteElo "2145"]
[BlackElo "2005"]
[PlyCount "81"]
[EventDate "1996.10.19"]

1. Nf3 b6 2. c4 Bb7 3. Nc3 e6 4. a3 f5 5. d4 Be7 6. d5 Nf6 7. Nd4 c5 8. Nc2
exd5 9. cxd5 d6 10. g3 O-O 11. Bg2 Ng4 12. O-O Nd7 13. h3 Nge5 14. f4 Nf7 15.
e4 fxe4 16. Nxe4 Ba6 17. Re1 Nf6 18. Rb1 Qd7 19. Kh2 Nxe4 20. Rxe4 Rae8 21. Bd2
Bf6 22. Bc3 Bxc3 23. bxc3 Rxe4 24. Bxe4 Re8 25. Qf3 Rf8 26. Qe3 h6 27. g4 g5
28. Bf5 Qa4 29. fxg5 Nxg5 30. Ne1 Re8 31. Be6+ Kg7 32. Ng2 Bc8 33. Rf1 Bxe6 34.
dxe6 Nxe6 35. Nh4 Ng5 36. Qf2 Kg8 37. Nf5 Kh7 38. Nxd6 Re5 39. Nf7 Re7 40. Qf5+
Kg8 41. Qg6+ 1-0

[Event "II Festival A"]
[Site "Toscolano-Maderno ITA"]
[Date "1996.10.26"]
[Round "8"]
[White "Luciani, Valerio"]
[Black "Mora, Federico"]
[Result "1/2-1/2"]
[WhiteElo "2180"]
[BlackElo "2335"]
[PlyCount "131"]
[EventDate "1996.10.19"]

1. c4 Nf6 2. Nc3 c5 3. g3 g6 4. Bg2 Bg7 5. Nf3 O-O 6. O-O Na6 7. d4 d6 8. d5
Rb8 9. Nb5 Bd7 10. a4 Nb4 11. Nxa7 Nfxd5 12. Qb3 Nb6 13. a5 Nc8 14. Nxc8 Rxc8
15. Bd2 Nc6 16. Ra3 Qc7 17. Bc3 Bxc3 18. Qxc3 Ra8 19. Rfa1 Ra6 20. Nd2 Nd4 21.
Kf1 Bf5 22. e4 Be6 23. Nf3 Nc6 24. Nd2 Rfa8 25. Nb3 Qd7 26. Kg1 Bh3 27. Bh1 f6
28. Bg2 Kg7 29. Rd1 Qe6 30. Re1 h5 31. Bh1 h4 32. f3 hxg3 33. hxg3 Rh8 34. Kf2
Ne5 35. Nd2 Qg8 36. Rg1 Be6 37. b3 Rh2+ 38. Bg2 Bh3 39. Nf1 Rxg2+ 40. Rxg2 Bxg2
41. Kxg2 Nc6 42. Ra4 Qa8 43. Kf2 Rxa5 44. Rxa5 Nxa5 45. b4 Nc6 46. bxc5 dxc5
47. Qb2 Nb4 48. Ke3 Qa4 49. Ke2 b5 50. Nd2 bxc4 51. Qc3 Nc2 52. Qxc4 Nd4+ 53.
Kd3 Qa5 54. Nb3 Nxb3 55. Qxb3 Qd8+ 56. Qd5 Qb6 57. g4 Qb1+ 58. Kc4 Qb4+ 59. Kd3
Qa3+ 60. Ke2 Qb4 61. Kd3 Qa3+ 62. Ke2 Qa6+ 63. Ke3 Qa7 64. Kd3 Qb6 65. Kc4 Qb4+
66. Kd3 1/2-1/2

[Event "II Festival A"]
[Site "Toscolano-Maderno ITA"]
[Date "1996.10.26"]
[Round "8"]
[White "Naumkin, Igor"]
[Black "Wohl, Aleksandar H."]
[Result "1/2-1/2"]
[WhiteElo "2430"]
[BlackElo "2400"]
[PlyCount "143"]
[EventDate "1996.10.19"]

1. d4 Na6 2. e4 c6 3. Nf3 g6 4. Nc3 Nc7 5. Be2 Bg7 6. O-O d6 7. h3 Nf6 8. Re1
O-O 9. Bf1 b5 10. e5 Nfd5 11. Ne4 Ne6 12. c3 Bb7 13. a4 a6 14. Qb3 Rb8 15. Bd2
Qc7 16. Rad1 dxe5 17. dxe5 Nb6 18. axb5 cxb5 19. Qa3 Nc4 20. Bxc4 Qxc4 21. b3
Qc7 22. Bg5 Rfe8 23. Bh4 Rbc8 24. Nd4 Nc5 25. Ng5 Bxe5 26. b4 Na4 27. Qb3 e6
28. c4 Bg7 29. c5 Bd5 30. Qe3 Nb2 31. Ra1 Nc4 32. Qd3 Qf4 33. Ngf3 Nd2 34. Qxd2
Qxd2 35. Nxd2 Bxd4 36. Ra3 f5 37. Rd1 Rc6 38. Nf3 Bb2 39. Re3 Ra8 40. Nd4 Bxd4
41. Rxd4 a5 42. Ra3 Rca6 43. f3 Kf7 44. Bg3 Ke8 45. Rc3 axb4 46. Rxb4 Bc4 47.
Rb2 Kd7 48. Rd2+ Bd5 49. Kf2 Kc6 50. Be5 b4 51. Rc1 Ra2 52. Bb2 R8a5 53. Ke3
Rxc5 54. Rxc5+ Kxc5 55. Bd4+ Kb5 56. Rxa2 Bxa2 57. f4 Bd5 58. g3 Kc4 59. Be5
Bg2 60. h4 Kd5 61. Bg7 Bf1 62. Bf8 b3 63. Bg7 Kd6 64. Bf6 Kd7 65. Bb2 Ke7 66.
Be5 Kf7 67. Bb2 h6 68. Be5 Bb5 69. Bb2 Be8 70. Be5 g5 71. hxg5 hxg5 72. fxg5
1/2-1/2

[Event "II Festival A"]
[Site "Toscolano-Maderno ITA"]
[Date "1996.10.26"]
[Round "8"]
[White "Oppici, Gabriele"]
[Black "Agnelli, Francesco"]
[Result "1/2-1/2"]
[WhiteElo "2055"]
[BlackElo "2085"]
[PlyCount "90"]
[EventDate "1996.10.19"]

1. Nc3 Nf6 2. e4 d6 3. g3 g6 4. Bg2 Bg7 5. d3 e5 6. Bd2 Nc6 7. Nge2 O-O 8. O-O
Nh5 9. h3 Kh8 10. g4 Nf6 11. Ng3 Nd4 12. Nce2 Ne6 13. Qc1 Nd7 14. Kh2 Ndc5 15.
Be3 a5 16. Qd2 Bd7 17. Rh1 Qf6 18. Rab1 a4 19. Kg1 Qh4 20. d4 exd4 21. Nxd4
Bxd4 22. Bxd4+ Nxd4 23. Qxd4+ f6 24. Re1 Rae8 25. Re3 Kg8 26. Ne2 Qg5 27. f4
Qh4 28. f5 Re5 29. Nf4 Qg5 30. Nd3 gxf5 31. Nxe5 fxe5 32. Qc3 fxg4 33. hxg4
Bxg4 34. Rg3 h5 35. Qe3 Rf4 36. Bh3 h4 37. Rg2 Rf1+ 38. Kh2 Qxe3 39. Rxg4+ Kf8
40. Rxf1+ Ke8 41. Rfg1 Nxe4 42. Rg8+ Kf7 43. R1g7+ Kf6 44. Rg6+ Kf7 45. R8g7+
Kf8 1/2-1/2

[Event "II Festival A"]
[Site "Toscolano-Maderno ITA"]
[Date "1996.10.26"]
[Round "8"]
[White "Perich, Stefano"]
[Black "Kania, Andreas"]
[Result "1/2-1/2"]
[WhiteElo "2075"]
[BlackElo "2275"]
[PlyCount "66"]
[EventDate "1996.10.19"]

1. c4 Nf6 2. Nc3 c5 3. g3 d5 4. cxd5 Nxd5 5. Bg2 Nc7 6. Nf3 Nc6 7. d3 e5 8. b3
Be7 9. Bb2 Bd7 10. Rc1 f6 11. O-O O-O 12. Nd2 Rc8 13. Nc4 b6 14. e3 b5 15. Nd2
Nb4 16. Nf3 Bf5 17. Ne1 Nxd3 18. Nxd3 Bxd3 19. Re1 c4 20. bxc4 bxc4 21. Qa4 Rb8
22. Ba3 Bxa3 23. Qxa3 a6 24. Ne4 Rb6 25. Red1 Qb8 26. Nd2 Rb4 27. Qa5 Rd8 28.
a3 Rb6 29. Qa4 Be2 30. Re1 Rxd2 31. Rxe2 Rxe2 32. Qxc4+ Kh8 33. Qxe2 Rb1
1/2-1/2

[Event "II Festival A"]
[Site "Toscolano-Maderno ITA"]
[Date "1996.10.26"]
[Round "8"]
[White "Perovic, Bozidar"]
[Black "Bini, Lorenzo"]
[Result "0-1"]
[WhiteElo "2134"]
[BlackElo "2200"]
[PlyCount "138"]
[EventDate "1996.10.19"]

1. f4 b6 2. e4 Bb7 3. Nc3 e6 4. d4 Bb4 5. Bd3 f5 6. Qe2 Qh4+ 7. g3 Qh6 8. Nf3
Nf6 9. exf5 O-O 10. Bd2 exf5 11. O-O-O Bxc3 12. bxc3 Re8 13. Qf1 Qh5 14. Bc4+
d5 15. Bd3 a5 16. Ne5 Ne4 17. Be2 Qh6 18. g4 Qd6 19. Kb2 Ba6 20. gxf5 Bxe2 21.
Qxe2 Nd7 22. Rhg1 Re7 23. Be1 Ndf6 24. Rd3 c5 25. h4 b5 26. h5 h6 27. Rg6 c4
28. Re3 b4 29. Ka1 bxc3 30. Bxc3 Rb7 31. Bb2 Rab8 32. c3 Qb6 33. Rg2 a4 34. a3
Qb3 35. Qc2 Nxh5 36. Qxb3 axb3 37. Nxc4 Rf7 38. Ne5 Rxf5 39. Ng6 Rb7 40. Rf3
Kh7 41. Bc1 Ng5 42. Nh4 Nxf3 43. Nxf5 Ne1 44. Re2 Nd3 45. Kb1 Rc7 46. Bd2 Ra7
47. Re7 Rxa3 48. Rb7 b2 49. Kc2 Ra1 50. Rxb2 Nxb2 51. Kxb2 Rf1 52. Ne7 Nf6 53.
Kc2 h5 54. c4 dxc4 55. d5 Ne4 56. Bb4 Rf2+ 57. Kd1 h4 58. d6 h3 59. Be1 Nxd6
60. Bxf2 h2 61. Bd4 h1=Q+ 62. Kc2 Ne4 63. Nd5 Qg2+ 64. Kb1 Nd2+ 65. Kc1 Qxd5
66. Bc3 Nb3+ 67. Kc2 Qd3+ 68. Kb2 Qe2+ 69. Ka3 Qc2 0-1

[Event "II Festival A"]
[Site "Toscolano-Maderno ITA"]
[Date "1996.10.26"]
[Round "8"]
[White "Rossi, Giampiero"]
[Black "Stantic, Severino"]
[Result "1/2-1/2"]
[WhiteElo "2105"]
[BlackElo "2105"]
[PlyCount "128"]
[EventDate "1996.10.19"]

1. d4 Nf6 2. c4 e6 3. Nc3 d5 4. cxd5 exd5 5. Bg5 Nbd7 6. e3 c6 7. Qc2 Be7 8.
Bd3 h6 9. Bh4 O-O 10. Nf3 Re8 11. O-O Nf8 12. Rfc1 a5 13. Rab1 Be6 14. a3 g5
15. Bg3 Nh5 16. b4 Nxg3 17. hxg3 axb4 18. axb4 Nd7 19. Na4 b5 20. Nc5 Bxc5 21.
bxc5 Ra3 22. Ne1 Qa5 23. Qb2 Ra8 24. Qb4 Qd8 25. Rb2 Nf6 26. Qd2 Kg7 27. Rcb1
Qc8 28. Nc2 R3a4 29. Nb4 Qc7 30. Qc2 Qd7 31. Nxc6 Qc8 32. Ne5 Ra3 33. Rxb5 h5
34. R5b3 R8a7 35. Rb6 Ra2 36. R6b2 R2a3 37. Rb7 Ra2 38. Qb3 Ng4 39. Nxg4 hxg4
40. Rb8 Qc7 41. Qb7 Qxb7 42. R8xb7 Rd2 43. Bb5 Bc8 44. Rb6 Raa2 45. Rf1 Bf5 46.
Rd6 Be4 47. Ra6 Rab2 48. Bc6 Bd3 49. Raa1 Bc4 50. Bd7 Kf6 51. Bxg4 Bxf1 52.
Rxf1 Ke7 53. Bf3 Ke6 54. g4 Rbc2 55. Ra1 Ra2 56. Rxa2 Rxa2 57. e4 Ra1+ 58. Kh2
dxe4 59. Bxe4 Rd1 60. d5+ Ke5 61. Bf3 Rc1 62. c6 Rc2 63. Kg3 Rc3 64. Kh3 Kd6
1/2-1/2

[Event "II Festival A"]
[Site "Toscolano-Maderno ITA"]
[Date "1996.10.26"]
[Round "8"]
[White "Sulava, Nenad"]
[Black "Nurkic, Sahbaz"]
[Result "1-0"]
[WhiteElo "2430"]
[BlackElo "2405"]
[PlyCount "45"]
[EventDate "1996.10.19"]

1. d4 c5 2. c3 b6 3. Bg5 Bb7 4. e3 Nf6 5. Bxf6 gxf6 6. Nd2 f5 7. Qh5 e6 8. Ngf3
Qf6 9. Nc4 Nc6 10. a4 cxd4 11. exd4 Rg8 12. a5 Nxa5 13. Nxa5 bxa5 14. Ne5 Bd6
15. f4 Bc7 16. Be2 Rxg2 17. Bf3 Rxb2 18. Bxb7 Rxb7 19. Rg1 Ke7 20. Kd2 Bxe5 21.
fxe5 Qh8 22. Qh4+ Ke8 23. Rg5 1-0

[Event "II Festival A"]
[Site "Toscolano-Maderno ITA"]
[Date "1996.10.26"]
[Round "8"]
[White "Tomasi, Diego"]
[Black "Prelati, Maurizio"]
[Result "1-0"]
[WhiteElo "2045"]
[BlackElo "2120"]
[PlyCount "97"]
[EventDate "1996.10.19"]

1. e4 c5 2. f4 d6 3. Nf3 e6 4. Bb5+ Bd7 5. Bc4 b5 6. Be2 Nf6 7. d3 Nc6 8. Bd2
Qc7 9. c3 Be7 10. O-O O-O 11. Na3 a6 12. Nc2 b4 13. cxb4 Nxb4 14. Ne3 Rfb8 15.
a3 Nc6 16. Bc3 d5 17. exd5 Nxd5 18. Nxd5 exd5 19. Qc2 d4 20. Bd2 a5 21. Ne5 Be6
22. Bf3 Bd7 23. Bd5 Rf8 24. Qc4 Be8 25. Rae1 Bd6 26. Ng4 Rb8 27. Bc1 a4 28. g3
Na5 29. Qc2 Bc6 30. Qg2 Qb7 31. Bxc6 Qxc6 32. Qh3 Nb3 33. Re2 Nxc1 34. Rxc1 Rb3
35. Rd2 Rfb8 36. Rcc2 Qf3 37. Nf2 Re8 38. Qf1 Re3 39. Ne4 Qxf1+ 40. Kxf1 Be7
41. Nxc5 Bxc5 42. Rxc5 g6 43. Rc4 Rexd3 44. Rxd3 Rxd3 45. Ke2 Re3+ 46. Kd1 d3
47. Rxa4 Re2 48. b4 Rxh2 49. b5 1-0

[Event "II Festival A"]
[Site "Toscolano-Maderno ITA"]
[Date "1996.10.26"]
[Round "8"]
[White "Zlochevskij, Alexander"]
[Black "Sedina, Elena"]
[Result "1-0"]
[WhiteElo "2415"]
[BlackElo "2345"]
[PlyCount "63"]
[EventDate "1996.10.19"]

1. d4 Nf6 2. Nf3 c5 3. d5 b5 4. Bg5 Qb6 5. a4 Bb7 6. a5 Qd8 7. c4 Ne4 8. Bh4
bxc4 9. Nc3 Nxc3 10. bxc3 d6 11. e4 g6 12. Bxc4 Bg7 13. Qb3 Ba6 14. e5 Bxc4 15.
Qxc4 O-O 16. exd6 Qxd6 17. O-O Nd7 18. Rfe1 Rfe8 19. Bg3 Qf6 20. Ne5 Qf5 21.
Nc6 Bf6 22. Ra2 h5 23. h3 Kf8 24. Rae2 a6 25. Re3 Qc2 26. Bh4 Bxh4 27. Qxh4 Nf6
28. Nxe7 Kg7 29. Qc4 Rab8 30. R3e2 Qb3 31. Qxc5 Nxd5 32. Qxd5 1-0

[Event "II Festival A"]
[Site "Toscolano-Maderno ITA"]
[Date "1996.10.27"]
[Round "9"]
[White "Bini, Lorenzo"]
[Black "Oppici, Gabriele"]
[Result "0-1"]
[WhiteElo "2200"]
[BlackElo "2055"]
[PlyCount "78"]
[EventDate "1996.10.19"]

1. b3 e5 2. Bb2 d6 3. g3 f5 4. Bg2 Nf6 5. e3 c6 6. Ne2 Na6 7. d4 e4 8. Nf4 Bd7
9. a3 Nc7 10. Nc3 Be7 11. Nh5 O-O 12. Nxf6+ Bxf6 13. h4 Qe7 14. Ne2 b5 15. Nf4
g6 16. Qe2 Rab8 17. O-O-O Qg7 18. h5 g5 19. h6 Qf7 20. Nh5 Bh8 21. f3 exf3 22.
Bxf3 a5 23. g4 a4 24. gxf5 Bxf5 25. Rdg1 Bg6 26. Bxc6 Qf2 27. Qxf2 Rxf2 28. e4
axb3 29. Rxg5 Rxc2+ 30. Kb1 Rxc6 31. d5 Rc2 32. Rxg6+ hxg6 33. h7+ Kf7 34. Rf1+
Ke7 35. Bxh8 Rxh8 36. Nf6 Ne8 37. Ng8+ Kd8 38. Rf3 Rxh7 39. Rxb3 Rg2 0-1

[Event "II Festival A"]
[Site "Toscolano-Maderno ITA"]
[Date "1996.10.27"]
[Round "9"]
[White "Drei, Andrea"]
[Black "Braghetta, Sergio"]
[Result "1/2-1/2"]
[WhiteElo "2310"]
[BlackElo "2116"]
[PlyCount "41"]
[EventDate "1996.10.19"]

1. e4 c5 2. Nc3 d6 3. Nf3 Nf6 4. d4 cxd4 5. Nxd4 a6 6. Be3 e5 7. Nb3 Be7 8. Be2
Be6 9. f4 exf4 10. Bxf4 Nc6 11. Qd2 d5 12. exd5 Nxd5 13. Nxd5 Qxd5 14. O-O-O
Qe4 15. Qe3 Qa4 16. a3 Bxa3 17. bxa3 Qxa3+ 18. Kd2 Qb4+ 19. Kc1 Qa3+ 20. Kd2
Qb4+ 21. Kc1 1/2-1/2

[Event "II Festival A"]
[Site "Toscolano-Maderno ITA"]
[Date "1996.10.27"]
[Round "9"]
[White "Medancic, Rikard"]
[Black "Kievelitz, Bernd"]
[Result "1/2-1/2"]
[WhiteElo "2310"]
[BlackElo "2145"]
[PlyCount "96"]
[EventDate "1996.10.19"]

1. d4 Nf6 2. c4 e6 3. Nc3 Bb4 4. Qc2 O-O 5. a3 Bxc3+ 6. Qxc3 b6 7. f3 d5 8. Bg5
Nbd7 9. cxd5 exd5 10. Qc6 Ba6 11. Bf4 Rc8 12. Rc1 Qe7 13. Nh3 Rfe8 14. e3 Bxf1
15. Kxf1 h6 16. Rc3 Nb8 17. Qb7 c6 18. Qxe7 Rxe7 19. Kf2 Nbd7 20. Rhc1 Re6 21.
g4 g5 22. Bg3 c5 23. Ng1 c4 24. h4 Kg7 25. Ne2 b5 26. b3 Rec6 27. b4 Ne8 28.
R3c2 Nb6 29. Nc3 a6 30. h5 Re6 31. Rd1 Rd8 32. Re2 Kf8 33. Kg2 f6 34. Rde1 Rd7
35. Kf2 Ng7 36. Rd2 Kf7 37. Kg2 Kf8 38. f4 Ne8 39. fxg5 fxg5 40. Rf2+ Rf7 41.
Rxf7+ Kxf7 42. Be5 Nf6 43. Kf3 Ke7 44. e4 dxe4+ 45. Nxe4 Nxe4 46. Kxe4 Nd7 47.
Kd5 Nb6+ 48. Ke4 Nd7 1/2-1/2

[Event "II Festival A"]
[Site "Toscolano-Maderno ITA"]
[Date "1996.10.27"]
[Round "9"]
[White "Mora, Federico"]
[Black "Naumkin, Igor"]
[Result "0-1"]
[WhiteElo "2335"]
[BlackElo "2430"]
[PlyCount "58"]
[EventDate "1996.10.19"]

1. e4 e6 2. d4 d5 3. Nc3 Bb4 4. a3 Bxc3+ 5. bxc3 dxe4 6. Qg4 Nf6 7. Qxg7 Rg8 8.
Qh6 c5 9. Ne2 Rg6 10. Qd2 Nbd7 11. g3 Qc7 12. Bg2 b6 13. O-O Bb7 14. a4 a6 15.
a5 b5 16. c4 cxd4 17. cxb5 e5 18. b6 Qc4 19. Ba3 Rc8 20. Rfd1 Ng4 21. Nxd4 exd4
22. Qxd4 Qxd4 23. Rxd4 f5 24. Rad1 Nge5 25. R1d2 Rgc6 26. Rxe4 fxe4 27. Bxe4
Rxb6 28. axb6 Bxe4 29. Re2 Nf3+ 0-1

[Event "II Festival A"]
[Site "Toscolano-Maderno ITA"]
[Date "1996.10.27"]
[Round "9"]
[White "Sedina, Elena"]
[Black "Cugini, Verter"]
[Result "1-0"]
[WhiteElo "2345"]
[BlackElo "2255"]
[PlyCount "103"]
[EventDate "1996.10.19"]

1. e4 e6 2. d4 d5 3. e5 c5 4. c3 Nc6 5. Nf3 Qb6 6. a3 c4 7. Nbd2 Na5 8. g3 Bd7
9. Bg2 O-O-O 10. O-O h6 11. Rb1 Ne7 12. Ne1 Kb8 13. Qf3 Be8 14. Nc2 Nb3 15.
Nxb3 Qxb3 16. Na1 Qa4 17. b3 cxb3 18. Nxb3 Nc6 19. Rd1 Rc8 20. Bf1 Rc7 21. Bd3
Na5 22. Nxa5 Qxa5 23. c4 dxc4 24. Bxc4 Bc6 25. d5 Ba4 26. Bb3 Bxb3 27. Qxb3
exd5 28. Bf4 g5 29. Rxd5 Bc5 30. Be3 b6 31. Bxc5 Rxc5 32. Rd7 Rhc8 33. Qxf7
Rxe5 34. Qf3 Qa6 35. Qf6 Rec5 36. Qxh6 Rc1+ 37. Rd1 Rxb1 38. Rxb1 Qd3 39. Re1
Qd2 40. Rf1 Rc1 41. Qf8+ Kb7 42. Rxc1 Qxc1+ 43. Kg2 a5 44. h4 gxh4 45. gxh4
Qc6+ 46. Kg3 Qg6+ 47. Kh2 b5 48. Qc5 Qb6 49. Qxb6+ Kxb6 50. h5 b4 51. axb4 axb4
52. h6 1-0

[Event "II Festival A"]
[Site "Toscolano-Maderno ITA"]
[Date "1996.10.27"]
[Round "9"]
[White "Stantic, Severino"]
[Black "Magrin, Antonio"]
[Result "1/2-1/2"]
[WhiteElo "2105"]
[BlackElo "2070"]
[PlyCount "119"]
[EventDate "1996.10.19"]

1. Nf3 d5 2. b3 Bf5 3. Bb2 e6 4. e3 Nd7 5. Be2 Ngf6 6. O-O h6 7. Nd4 Bh7 8. f4
c6 9. Nf3 Qa5 10. a3 Qc7 11. Ne5 Be7 12. d3 O-O 13. Nd2 Ne8 14. Ndf3 f6 15.
Nxd7 Qxd7 16. c4 Nd6 17. c5 Nf7 18. b4 b6 19. Rc1 bxc5 20. bxc5 Rab8 21. Bd4
Rb7 22. Rb1 Rfb8 23. Qc2 Bd8 24. h3 Qc7 25. Rxb7 Qxb7 26. Rc1 Qb3 27. Qxb3 Rxb3
28. Rc3 Rb1+ 29. Kf2 Bc7 30. Rc2 e5 31. fxe5 Nxe5 32. Nxe5 Bxe5 33. Bxe5 fxe5
34. Rc3 Rb2 35. d4 Kf7 36. g3 Bf5 37. g4 Bc8 38. Ke1 g5 39. Rd3 e4 40. Rc3 Ke7
41. Bf1 Kd8 42. Be2 Kc7 43. Kf1 a5 44. Ke1 Kb8 45. Bf1 Ka7 46. Be2 Bb7 47. Kf1
a4 48. Ke1 Ba6 49. Bd1 Bb5 50. Bc2 Ra2 51. Kd1 Ra1+ 52. Kd2 Rh1 53. Bd1 Rh2+
54. Kc1 Rxh3 55. Kb2 Rh2+ 56. Rc2 Rxc2+ 57. Kxc2 Ka6 58. Kd2 Ka5 59. Ke1 Bc4
60. Kf2 1/2-1/2